| 000 | 00563cam a2200157 4500500 | ||
|---|---|---|---|
| 005 | 20260201110326.0 | ||
| 041 | _afre | ||
| 042 | _adc | ||
| 100 | 1 | 0 |
_aMellon, Christian _eauthor |
| 245 | 0 | 0 | _aRoger Faligot, Les seigneurs de la paix, Seuil, 2006, 428 p., 23 € |
| 260 | _c2007. | ||
| 500 | _a96 | ||
| 520 | _aResumé Théologie de l’espérance et attitudes face au risque. | ||
| 786 | 0 | _nRevue Projet | 296 | 1 | 2007-05-01 | p. 094c-95c | 0033-0884 | |
| 856 | 4 | 1 | _uhttps://shs.cairn.info/revue-projet-2007-1-page-094c?lang=fr&redirect-ssocas=7080 |
| 999 |
_c1641354 _d1641354 |
||